วิทยาลัยพยาบาลบรมราชชนนี ยะลา
ระบบห้องสมุดอัตโนมัติ ULIBM BCNYALA - V.6
เปลี่ยนเป็นภาษาไทย

Change to English
 แสดงรายละเอียดบรรณานุกรม
  กลับหน้าหลัก

Brief Record : Get Marc (ISO 2709) : E-mail record : QR code ปิดหน้าต่าง
ชาติพันธุ์สัมพันธ์ : การเมืองของความสัมพันธ์และแนวคิดการศึกษา Review โดย
ใช้งานได้ทุกระบบ
ห้องสมุดวพบ.ยะลา
ใช้งานได้ทุกระบบ เมื่อ23/เมษายน/2569
สารบัญ

บทที่ 1 นิยามและพัฒนาการของชาติพันธุ์สัมพันธ์
บทที่ 2 การเมืองของการเรียกชื่อ
บทที่ 3 การเมืองของการจำแนกกลุ่มชนในสังคม
บทที่ 4 กระบวนทัศน์การศึกษาชาติพันธุ์สัมพันธ์
บทที่ 5 รัฐชาติกับชาติพันธุ์สัมพันธ์
บทที่ 6 โลกาภิวัตน์กับการท่องเที่ยวชาติพันธุ์
บทที่ 7 ขบวนการเคลื่อนไหวของชนพื้นเมือง
บทที่ 8 การเมืองของชาติพันธุ์สัมพันธ์

E-books : เกี่ยวกับ Collections
LEADER 00000nam 2200000uu 4500
001    3854
003     ULIBM
008    260423s2565||||th 000 0 tha d
020    ^a9786168311011
050  4 ^aGN495.6^bป412ช
100 1  ^aประสิทธิ์ ลีปรีชา
245 10 ^aชาติพันธุ์สัมพันธ์ : การเมืองของความสัมพันธ์และแนวคิดการศึกษา /^cประสิทธิ์ ลีปรีชา
250    ^aพิมพ์ครั้งที่ 1
260    ^aกรุงเทพฯ :^bศูนย์มานุษยวิทยาสิรินธร (องค์การมหาชน),^c2565.
300    ^a204หน้า :^bภาพประกอบ;^c21 ซม.
650  7 ^aชาติพันธุ์วิทยา
650  7 ^aชาติพันธุ์วิทยา^xแง่การเมือง
999    ^aฮัซวานี
รายการนี้ยังไม่มีแท็ก
คุณยังไม่ได้ล็อกอิน คุณสามารถมีกิจกรรมร่วมกับเว็บไซต์ได้ แต่ต้องล็อกอินก่อน ::
  ล็อกอิน
ลำดับที่ ประเภท เลขเรียก สถานที่ สถานะ
1. หนังสือทั่วไป
หนังสือทั่วไป
GN495.6 ป412ช 2565 ฉ.1 
  
ห้องสมุดวพบ.ยะลา
►หนังสือทั่วไปภาษาไทย
On Shelf
   [แสดง 1/1 รายการ]

BibComment


ยังไม่เคยถูกคอมเมนท์

คอมเมนท์ทรัพยากรรายการนี้
  คอมเมนท์: ชาติพันธุ์สัมพัน..
Bib 3854

 
 
 

 Union Library Management : ULibM

ดูหนังออนไลน์

Copyright 2026. All Rights Reserved.